000 01358nam0a2200349 4500
001 RU\NLR\BIBL_A\012574341
005 20260607075609.0
010 _a978-5-907435-05-6
_92000
021 _aRU
_bКН-П-21-021525
_9КН-П-21-1675
035 _a(NLR Aleph) 012574341
090 _a12501282
_c12501282
100 _a20210803d2021 u y0rusy50 ca
101 0 _arus
102 _aRU
105 _aa z 000zy
181 0 _ai3
_baxxe
182 0 _an
200 1 _aНачальный курс педагогики
_eруководство для учителей и родителей
_fСмирнов М. Т.
203 _aТекст
_bвизуальный
_cнепосредственный
210 _aМосква
_cСоветские учебники
_d2021
215 _a266, [6] с.
_cил., табл.
_d22
225 1 _aСоветские учебники
320 _aБиблиогр. в подстроч. примеч.
333 _a16+
606 1 _aПедагогика
_jМетодические пособия
_9921924
_3RU\NLR\AUTH\6619222
686 1 _aЧ30я8
686 1 _aЧ491я8
700 1 _7ca
_8rus
_aСмирнов
_bМ. Т.
_cпедагог
_gМихаил Тимофеевич
_3RU\NLR\AUTH\770224328
_9224272
942 _cBOOK
980 _aNB